书目信息 |
| 题名: |
元素的盛宴
|
|
| 作者: | 基恩 著 ;杨蓓 , 阳曦 译 | |
| 分册: | ||
| 出版信息: | 天津 天津科学技术出版社 2022.07 |
|
| 页数: | 311页 | |
| 开本: | 24cm | |
| 丛书名: | ||
| 单 册: | ||
| 中图分类: | O6-05 | |
| 科图分类: | ||
| 主题词: | 化学--hua xue--关系--社会生活--普及读物 | |
| 电子资源: | ||
| ISBN: | 978-7-5742-0212-2 | |
| 000 | 01188nam0 2200265 450 | |
| 001 | 011025153941 | |
| 005 | 20221025153941.0 | |
| 010 | @a978-7-5742-0212-2@dCNY68.00 | |
| 100 | @a20201004d2022 em y0chiy50 ea | |
| 101 | 1 | @achi@ceng |
| 102 | @aCN@b120000 | |
| 105 | @aa z 000yy | |
| 106 | @ar | |
| 200 | 1 | @a元素的盛宴@Ayuan su de sheng yan@e元素周期表中的化学探险史与真实故事@dThe disappearing spoon@eand other true tales of madness, love, and the history of the world from the periodic table of the elements@e彩图升级版@f(美) 山姆·基恩(Sam Kean) 著@g杨蓓, 阳曦译@zeng |
| 210 | @a天津@c天津科学技术出版社@d2022.07 | |
| 215 | @a311页@d24cm | |
| 300 | @a未读探索家 | |
| 330 | @a本书讲解了周期表上每一个元素的性质、规律,讲述了元素的历史与发现过程,以及这些元素在我们的生活中发挥的非凡作用。 | |
| 510 | 1 | @aDisappearing spoon@eand other true tales of madness, love, and the history of the world from the periodic table of the elements@zeng |
| 606 | 0 | @a化学@Ahua xue@x关系@x社会生活@j普及读物 |
| 690 | @aO6-05@v5 | |
| 701 | 0 | @c(美)@a基恩@Aji en@g(Kean, Sam)@4著 |
| 702 | 0 | @a杨蓓@Ayang bei@4译 |
| 702 | 0 | @a阳曦@Ayang xi@4译 |
| 905 | @a河南城建学院图书馆@dO6-05@eS121 | |
| 元素的盛宴:元素周期表中的化学探险史与真实故事=The disappearing spoon:and other true tales of madness, love, and the history of the world from the periodic table of the elements:彩图升级版/(美) 山姆·基恩(Sam Kean) 著/杨蓓, 阳曦译.-天津:天津科学技术出版社,2022.07 |
| 311页;24cm |
| 未读探索家 |
| ISBN 978-7-5742-0212-2:CNY68.00 |
| 本书讲解了周期表上每一个元素的性质、规律,讲述了元素的历史与发现过程,以及这些元素在我们的生活中发挥的非凡作用。 |
| ● |
| 相关链接 |
|
|
|
正题名:元素的盛宴
索取号:O6-05/S121
 
预约/预借
| 序号 | 登录号 | 条形码 | 馆藏地/架位号 | 状态 | 备注 |
| 1 | 1590271 | 215902717 | 自科库401/401自科库 60排4列5层/ [索取号:O6-05/S121] | 在馆 | |
| 2 | 1590272 | 215902726 | 自科库401/401自科库 60排4列5层/ [索取号:O6-05/S121] | 在馆 |